00485nam a2200193Ia 4500008004100000041001200041082001200053100001700065245003600082260003700118300000800155365000800163520001200171546001200183630003600195650001200231655001200243730003600255101110s9999 xx 000 0 und d aMARATHI bSR31169 aKetkar Kumar aBadalate vishva (Lekhasangraha) c2007bPrestige Publication, pune a336 b500 aMarathi aMARATHI aBadalate vishva (Lekhasangraha) aMarathi aMarathi aBadalate vishva (Lekhasangraha)